000 00623nam a2200241Ia 4500
003 OSt
005 20221005115818.0
006 a|||||r|||| 00| 0
007 ta
008 221004b |||||||| |||| 00| 0 eng d
024 _a51374
037 _cTextual
040 _aCRL
_cCRL
_beng
041 _2eng
_aeng
082 _aT4n1-3:N44, K2
100 _aFoster J F Ed.
_993753
245 0 _aCommonwealth universities yearbook 1962
260 _c1962
650 _aEDUCATION
700 _a Craig T Ed.
942 _hT4n1-3:N44, K2
_cTEXL
_2cc
999 _c1035978
_d1035978